000 00345nam a2200097Ia 4500
005 20250424112821.0
008 250424s9999 xx 000 0 und d
300 _aviii, 100 p. :ill. ; 24 cm.
650 _aInternational relations--Periodicals. Conflict management--Nigeria--Periodicals. Nigeria--Politics and government--Periodicals.
942 _cSR
999 _c37299
_d37299